000 00675nam a2200181Ia 4500
008 090122s9999 xx 000 0 und d
082 _b12318
100 _aजोषी
_bदिनकर
245 _aमहाभारतातील पितृवंदना
260 _bमेहता पब्लिशिंग हाऊस
_c2007
300 _a157
501 _aरोहीत बुक सेंटर / बि.नं.2922-6.12.07
600 _aजोषी
630 _aमहाभारतातील पितृवंदना
700 _aजोषी
730 _aमहाभारतातील पितृवंदना
942 _cBOOK
999 _c36395
_d36395